Edge [sound recording] / Jeffery Deaver.
Detective Kessler is wishing for his mundane life back when he is targeted by a deadly identity thief. Now, as he tries to protect his wife and child from his newfound nemesis, the FBI races through Kessler's previous cases in an attempt to identify the culprit.
Record details
- ISBN: 9781442335370
- ISBN: 1442335378
- Physical Description: 12 sound discs (14 hr., 30 min.) : digital ; 4 3/4 in.
- Edition: Unabridged.
- Publisher: [New York] : Simon and Schuster Audio, p2010.
Content descriptions
| General Note: | Compact discs. |
| Participant or Performer Note: | Read by Skipp Sudduth. |
Search for related items by subject
| Subject: | Police > Washington (D.C.) > Fiction. Witnesses > Protection > Fiction. Washington (D.C.) > Fiction. |
| Genre: | Suspense fiction. Mystery fiction. |
| LDR | 01462cim a2200373Ia 4500 | ||
|---|---|---|---|
| 001 | 135023 | ||
| 003 | CONS | ||
| 005 | 20140703073308.0 | ||
| 007 | sd fmngnnmmned | ||
| 008 | 100719s2010 nyunnnne f n eng d | ||
| 020 | . | ‡a9781442335370 | |
| 020 | . | ‡a1442335378 | |
| 028 | 4 | 2. | ‡aSSA44233537A ‡bSimon and Schuster |
| 035 | . | ‡a(CPomAG)LMN558449 | |
| 043 | . | ‡an-us-dc | |
| 050 | 4. | ‡aPS3554.E1755 ‡bE34 2010ab | |
| 082 | 0 | 4. | ‡a813/.54 ‡222 |
| 100 | 1 | . | ‡aDeaver, Jeffery. |
| 245 | 1 | 0. | ‡aEdge ‡h[sound recording] / ‡cJeffery Deaver. |
| 250 | . | ‡aUnabridged. | |
| 260 | . | ‡a[New York] : ‡bSimon and Schuster Audio, ‡cp2010. | |
| 300 | . | ‡a12 sound discs (14 hr., 30 min.) : ‡bdigital ; ‡c4 3/4 in. | |
| 500 | . | ‡aCompact discs. | |
| 511 | 0 | . | ‡aRead by Skipp Sudduth. |
| 520 | . | ‡aDetective Kessler is wishing for his mundane life back when he is targeted by a deadly identity thief. Now, as he tries to protect his wife and child from his newfound nemesis, the FBI races through Kessler's previous cases in an attempt to identify the culprit. | |
| 650 | 0. | ‡aPolice ‡zWashington (D.C.) ‡vFiction. | |
| 650 | 0. | ‡aWitnesses ‡xProtection ‡vFiction. | |
| 651 | 0. | ‡aWashington (D.C.) ‡vFiction. | |
| 655 | 7. | ‡aSuspense fiction. ‡2gsafd | |
| 655 | 7. | ‡aMystery fiction. ‡2gsafd | |
| 700 | 1 | . | ‡aSudduth, Skipp. |
| 914 | . | ‡dSCP_ng | |
| 959 | . | ‡i32269000909393 ‡lBK/CD Dea ‡aAdult - Audiobook ‡tAudiobook ‡g48.00 | |
| 852 | . | ‡p32269000909393 ‡jBK/CD Dea ‡gAdult - Audiobook ‡cAudiobook ‡y48.00 ‡bSBPL | |
| 901 | . | ‡a135023 ‡bUnknown ‡c135023 ‡tbiblio | |